UPSC civil services IAS prelims: (Record no. 11670)
[ view plain ]
| 000 -LEADER | |
|---|---|
| fixed length control field | 00568nam a22001937a 4500 |
| 005 - DATE AND TIME OF LATEST TRANSACTION | |
| control field | 20230928130037.0 |
| 008 - FIXED-LENGTH DATA ELEMENTS--GENERAL INFORMATION | |
| fixed length control field | 230928b ||||| |||| 00| 0 eng d |
| 020 ## - INTERNATIONAL STANDARD BOOK NUMBER | |
| International Standard Book Number | 9789355640529 |
| 040 ## - CATALOGING SOURCE | |
| Original cataloging agency | IN-DiNC |
| Transcribing agency | IN-DiNC |
| 041 ## - LANGUAGE CODE | |
| Language code of sung or spoken text | English |
| 082 ## - DEWEY DECIMAL CLASSIFICATION NUMBER | |
| Classification number | 030 |
| Item number | PAT |
| 100 ## - MAIN ENTRY--PERSONAL NAME | |
| Personal name | Patel, Mrunal |
| Relator term | Author |
| 245 ## - TITLE STATEMENT | |
| Title | UPSC civil services IAS prelims: |
| Remainder of title | topic wise solved papers 1 & 2 (1995-2022)/ |
| Statement of responsibility, etc. | by Mrunal Patel |
| 260 ## - PUBLICATION, DISTRIBUTION, ETC. | |
| Place of publication, distribution, etc. | New Delhi: |
| Name of publisher, distributor, etc. | Disha publication, |
| 650 ## - SUBJECT ADDED ENTRY--TOPICAL TERM | |
| Topical term or geographic name entry element | Strategy & planning resources |
| 650 ## - SUBJECT ADDED ENTRY--TOPICAL TERM | |
| Topical term or geographic name entry element | General studies |
| 650 ## - SUBJECT ADDED ENTRY--TOPICAL TERM | |
| Topical term or geographic name entry element | Aptitude |
| 942 ## - ADDED ENTRY ELEMENTS (KOHA) | |
| Source of classification or shelving scheme | Dewey Decimal Classification |
| Koha item type | Books |
| Withdrawn status | Lost status | Source of classification or shelving scheme | Damaged status | Not for loan | Collection code | Home library | Current library | Shelving location | Date acquired | Cost, normal purchase price | Total Checkouts | Full call number | Barcode | Date last seen | Date last checked out | Copy number | Price effective from | Koha item type |
|---|---|---|---|---|---|---|---|---|---|---|---|---|---|---|---|---|---|---|
| Dewey Decimal Classification | General Collection | Central Library, Naharkatiya College | Central Library, Naharkatiya College | General Stacks | 28/09/2023 | 720.00 | 4 | 030 PAT | 29406 | 27/01/2025 | 21/01/2025 | 1 | 28/09/2023 | Books |
